Responses for Show #8998 - Wednesday, December 20, 2023

2023-2024 Second Chance competition week 1, semifinal game 2.

Contestants

[<< previous game]

Jake Garrett, a football coach and teacher from Trussville, Alabama

Sam Claussen, a history professor from Santa Clarita, California

Juveria Zaheer, a psychiatrist from Whitby, Ontario, Canada

[next game >>]

Jeopardy! Round responses

LET'S TAKE A PEEK
QUITE A SITE
MOVIE VIEWING
A LOOK BACK
OH, "IC"
IT'S A VISION BOARD
    $200 26
a train

Sam
    $200 30
Mount Rushmore

Juveria
    $200 29
Barbie

Jake
    $200 28
telephone service

Jake
    $200 27
bicentennial

Sam
    $200 21
hell

Jake
    $400 24
the Tour de France

Juveria
    $400 23
Versailles

Sam
    $400 25
Jennifer Lawrence

Juveria
    $400 22
a tulip

Sam
    $400 7
a limerick

Juveria
    $400 20
heart

Sam
    $600 9
minarets

Sam
    $600 3
Piccadilly Circus

Sam
    $600 16
(Ken: Yeah, he said, "Here's looking at you, kid".)

Casablanca

Juveria
    $600 11
Suffrage

Sam
    $600 6
a predicament

Sam
    $600 19
(Juveria: What is a chestnut?)

a hazelnut

JuveriaSam
    $800 8
penicillin

Juveria
    $800 1
Machu Picchu

Juveria
    $800 18
The Exorcist

Juveria
    $800 10
Booker T. Washington

Juveria
    $800 4
clinic

Jake
    $800 12
chariots

Sam
    $1000 13
St. Basil

Sam
    $1000 2
Olduvai

Juveria
    $1000 17
Michael B. Jordan

Jake
    $3,000 14
Richmond

Sam
    $1000 5
the solicitor general

Sam
    $1000 15
Joseph Smith

Jake

Scores at the first commercial break (after clue 14):

Juveria Sam Jake
$3,800 $8,200 $800

Scores at the end of the Jeopardy! Round:

Juveria Sam Jake
$5,600 $10,400 $3,400

Double Jeopardy! Round responses

A REAL SOB STORY
2020s TV
DON'T EAT WITH YOUR HANDS
FAMOUS FINNS
OPERA
GOING TO THE DOG BREED WORDS
    $400 27
Titus Andronicus

Jake
    $400 25
pirates

Juveria
    $400 30
a toothpick

Sam
    $400 29
an approval rating

Juveria
    $400 21
William Tell

Sam
    $400 23
a boxer

Juveria
    $800 26
(Juveria: What is Charlotte's Web?)
...
(Ken: We needed the pig, I'm afraid, Juveria...)

Wilbur

Juveria
Triple Stumper
    $800 24
John Wick

Jake
    $800 28
(Juveria: Uh, what is a wedding [*]?)
(Ken: Uhh...)
(Juveria: Or [*]?)
(Ken: No--yes, you corrected yourself just in time.)

a cake (a dessert fork)

Juveria
    $800 12
Linux

Juveria
    $15,200 10
Lady Macbeth

Juveria
    $800 22
shepherd

Sam
    $1200 13
Moaning Myrtle

Jake
    $1200 1
The Boys

Jake
    $1200 19
(Juveria: What are onion rings?)

a spork

JuveriaSam
    $1200 7
the Soviet Union

Sam
    $1200 3
Bluebeard

Juveria
    $1200 20
Chihuahua

Juveria
    $1600 8
The Fellowship of the Ring

Juveria
    $1600 2
James Marsden

Juveria
    $1600 6
caviar

Juveria
    $1600 5
(Jean) Sibelius

Sam
    $1600 4
Wagner

Juveria
    $1600 15
a pointer

Jake
    $2000 14
Fahrenheit 451

Sam
    $2000 18
(Juveria: Who is [*]?)
(Ken: That's--)
(Juveria: [Overlapping with Ken] Ashoka?)
(Ken: --the name of the show, yes.)

Ahsoka

Juveria
    $2000 17
paella

Jake
    $2000 11
(Juveria: Who is is Saarinen?)
(Ken: More specifically?)
(Juveria: Who is, uh... Ennio?)

Eero Saarinen

Juveria
Triple Stumper
    $2000 9
Don Giovanni

Juveria
    $7,300 16
Maltese

Jake

Scores at the end of the Double Jeopardy! Round:

Juveria Sam Jake
$32,400 $18,000 $17,900

[wagering suggestions for these scores]

Final Jeopardy! Round responses

COUNTRIES
(Ken: [To Jake] Correct, that remote kingdom in the Himalayas.)
JakeWhat is Bhutan
$17,900
SamWhat is Bhutan? Love you Emma, Aaron & #3
$18,000
JuveriaWhat is Bhutan?
$4,000
Bhutan

Final scores:

Juveria Sam Jake
$36,400 $36,000 $35,800
Finalist 2nd place: $3,000 3rd place: $2,000

Game dynamics:

Coryat scores:

Juveria Sam Jake
$18,000 $16,000 $12,600
24 R
(including 1 DD),
4 W
21 R
(including 1 DD),
0 W
13 R
(including 1 DD),
0 W

Combined Coryat: $46,600

[game clues] [game scores] [suggest correction]

Game tape date: 2023-11-28
The J! Archive is created by fans, for fans. Scraping, republication, monetization, and malicious use prohibited; this site may use cookies and collect identifying information. See terms. The Jeopardy! game show and all elements thereof, including but not limited to copyright and trademark thereto, are the property of Jeopardy Productions, Inc. and are protected under law. This website is not affiliated with, sponsored by, or operated by Jeopardy Productions, Inc. Join the discussion at JBoard.tv.